000 00791aam a2200289 i 4500
001 768714001
003 CO-MdFUSB
005 20250507130126.0
007 ta
008 250507t1997 -us |||| |||| 00| 0 spa d
020 _a0-311-46161-1
040 _cCO-MdFUSB
041 0 _aspa
082 0 4 _223
_a241.64
_bM3869b
100 1 _aMartínez, José Luis
_eautor
245 1 0 _a¿Es bíblico restaurar al ministro que cae en pecado sexual?
_c/ José Luis Martínez
264 1 _bMundo Hispano,
_aEl Paso, TX., USA :
_c[1997]
264 4 _c©1997
300 _a123 páginas
336 _atexto
_btxt
_2rdacontent
337 _2rdamedia
_asin mediación
_bn
338 _2rdacarrier
_avolumen
_bnc
563 _aRústico
653 _aÉtica sexual
942 _cBK
945 _aJTF-925
999 _c35422
_d35422